[Event "World Rapid 2025"]
[Site "Doha QAT"]
[Date "2025.12.27"]
[Round "7.111"]
[White "Naiditsch, Arkadij"]
[Black "Anwoir, Tarik"]
[Result "1-0"]
[WhiteTitle "GM"]
[WhiteElo "2574"]
[BlackElo "2098"]
[WhiteFideId "4650891"]
[BlackFideId "9004904"]
[EventDate "2025.12.26"]

1. e4 d5 2. Nc3 dxe4 3. Nxe4 Bf5 4. Qf3 Bxe4 5. Qxe4 c6 6. Nf3 Nf6 7. Qe2 e6 8.
g3 Nbd7 9. Bg2 Bd6 10. O-O O-O 11. a4 a5 12. d3 h6 13. Nd2 Re8 14. Nc4 Bc7 15.
Re1 Nb6 16. b3 Nbd5 17. Bb2 Nb4 18. Rad1 Qe7 19. h4 Red8 20. Ne5 Bb6 21. Bf3
Rac8 22. Kg2 Nbd5 23. h5 Nh7 24. Bg4 Nf8 25. Kh2 Bc7 26. Bh3 Nf6 27. f4 N6d7 28.
Ng4 f5 29. Ne3 Qf7 30. Bg2 Nf6 31. Bf3 Nd5 32. Nc4 Re8 33. Ne5 Qe7 34. Kg2 Rcd8
35. c4 Nf6 36. d4 Qb4 37. Qc2 Qe7 38. Bc3 N6d7 39. Nd3 Nf6 40. Nc5 Bb6 41. Qf2
Qf7 42. Nd3 N8d7 43. Qe2 Kh8 44. Rf1 Kh7 45. Ne5 Nxe5 46. fxe5 Ng8 47. Qe1 Ra8
48. d5 cxd5 49. cxd5 exd5 50. Rxd5 Qc7 51. e6 Rac8 52. Ba1 Ne7 53. Rd7 Qc2+ 54.
Kh3 Bc5 55. Qe5 Rg8 56. Bg2 Bb4 57. Bd4 Qxb3 58. Rxe7 Bxe7 59. Qxf5+ Kh8 60. Be4 1-0

[Event "World Rapid 2025"]
[Site "Doha QAT"]
[Date "2025.12.27"]
[Round "7.112"]
[White "Dinham, James"]
[Black "Ponkratov, Pavel"]
[Result "0-1"]
[BlackTitle "GM"]
[WhiteElo "2091"]
[BlackElo "2587"]
[WhiteFideId "14327023"]
[BlackFideId "4157800"]
[EventDate "2025.12.26"]

1. Nf3 Nf6 2. g3 g6 3. Bg2 Bg7 4. O-O O-O 5. d4 d5 6. c4 dxc4 7. Na3 Nc6 8. Nxc4
Be6 9. b3 a5 10. Nce5 Bd5 11. Bf4 Nb4 12. a3 Na6 13. Rc1 c6 14. Qd3 Be4 15. Qd2
Nc7 16. Rfd1 Bd5 17. Qd3 Ne6 18. Ng5 Nxf4 19. gxf4 a4 20. b4 Bb3 21. Rd2 Rc8 22.
e4 Nh5 23. Nh3 e6 24. Nc4 Bxc4 25. Rxc4 Qh4 26. Rdc2 Rcd8 27. b5 cxb5 28. Rb4
Nxf4 29. Nxf4 Qxf4 30. d5 Be5 31. h3 Rc8 32. Rxb5 exd5 33. exd5 Rxc2 34. Qxc2
Bd6 35. Rxb7 Re8 36. Rb1 Bxa3 37. Ra1 Bd6 38. Qxa4 Re1+ 39. Rxe1 Qxa4 40. Bf3
Qf4 41. Bg2 Bc5 42. Rf1 g5 43. Kh1 Bd6 0-1

[Event "World Rapid 2025"]
[Site "Doha QAT"]
[Date "2025.12.27"]
[Round "7.113"]
[White "Altini, Nicola"]
[Black "Ashwath Kaushik"]
[Result "0-1"]
[WhiteTitle "IM"]
[BlackTitle "FM"]
[WhiteElo "2360"]
[BlackElo "2345"]
[WhiteFideId "833924"]
[BlackFideId "33387230"]
[EventDate "2025.12.26"]

1. d4 d5 2. c4 e6 3. Nc3 Nf6 4. cxd5 exd5 5. Bg5 Be7 6. e3 O-O 7. Bd3 Re8 8.
Nge2 c6 9. O-O Nbd7 10. Qc2 Nf8 11. f3 g6 12. Bh4 Ne6 13. Kh1 b5 14. Bf2 Bb7 15.
Nf4 Nxf4 16. exf4 Nh5 17. Ne2 f5 18. g4 fxg4 19. fxg4 Nf6 20. Ng3 Qd7 21. g5 Ne4
22. Nxe4 dxe4 23. Bxe4 Bxg5 24. Bg2 Bf6 25. Rad1 c5 26. d5 c4 27. Bd4 Bxd4 28.
Rxd4 Qg4 29. Rd2 Rad8 30. f5 Re5 31. fxg6 hxg6 32. d6 Be4 33. Bxe4 Qxe4+ 34.
Qxe4 Rxe4 35. d7 Re7 36. Rfd1 Kf8 37. Rd6 Kf7 38. Rf1+ Kg7 39. Rg1 Rexd7 40.
Rdxg6+ Kf7 41. R6g5 a6 42. Rf1+ Ke6 43. Rg6+ Ke5 44. Rg5+ Ke4 45. Rg4+ Ke5 46.
Rg5+ Ke4 47. Rg4+ Kd3 48. Rf2 Ke3 49. Kg2 Rd2 50. Rg3+ Ke4 51. Rg4+ Kd3 52. Rf4
Kc2 53. h4 Kxb2 54. h5 c3 55. h6 c2 56. Rb4+ Kxa2 57. h7 Rxf2+ 58. Kxf2 0-1

[Event "World Rapid 2025"]
[Site "Doha QAT"]
[Date "2025.12.27"]
[Round "7.114"]
[White "Al Mashikhi, Salim Aliyan"]
[Black "Sharan, Rao"]
[Result "0-1"]
[WhiteTitle "FM"]
[BlackTitle "IM"]
[WhiteElo "1952"]
[BlackElo "2341"]
[WhiteFideId "22000046"]
[BlackFideId "5073464"]
[EventDate "2025.12.26"]

1. e4 e6 2. Nc3 d5 3. exd5 exd5 4. d4 Nf6 5. Nf3 Be7 6. Be2 O-O 7. O-O c6 8. Bg5
Bf5 9. Re1 Nbd7 10. Ne5 Nxe5 11. dxe5 Ne4 12. Nxe4 Bxe4 13. Bxe7 Qxe7 14. c3
Qxe5 15. f3 Bg6 16. Bd3 Qc7 17. Bxg6 hxg6 18. Qd4 a6 19. Re2 Rfe8 20. Rae1 Rxe2
21. Rxe2 Qd7 22. Qe3 Rd8 23. Qe7 d4 24. Qxd7 Rxd7 25. Rd2 dxc3 26. Rc2 cxb2 27.
Rxb2 Kf8 28. Kf2 Ke8 29. Ke3 Kd8 30. Rb4 Kc7 31. h4 b5 32. Rg4 c5 33. h5 gxh5
34. Rxg7 c4 35. Rg5 h4 36. Rh5 Kc6 37. Rh6+ Rd6 38. Rxh4 c3 39. Rh1 b4 40. g4
Kc5 41. f4 Kc4 42. f5 c2 43. g5 Rd1 44. Rh4+ Kb5 45. a4+ bxa3 0-1

[Event "World Rapid 2025"]
[Site "Doha QAT"]
[Date "2025.12.27"]
[Round "7.115"]
[White "Cunha, Lucas Aguiar"]
[Black "Damaj, Mohammed"]
[Result "1-0"]
[WhiteTitle "FM"]
[BlackTitle "CM"]
[WhiteElo "2263"]
[BlackElo "2119"]
[WhiteFideId "2125404"]
[BlackFideId "11501731"]
[EventDate "2025.12.26"]

1. e4 e5 2. Nf3 Nf6 3. Nc3 Nc6 4. Bb5 Bc5 5. O-O O-O 6. Nxe5 Nxe5 7. d4 Bd6 8.
f4 Nc6 9. e5 Be7 10. d5 Bc5+ 11. Kh1 Nd4 12. exf6 Qxf6 13. Ne4 Qd8 14. Bd3 d6
15. f5 Bb6 16. f6 g6 17. Qd2 Ne6 18. Qh6 1-0

[Event "World Rapid 2025"]
[Site "Doha QAT"]
[Date "2025.12.27"]
[Round "7.116"]
[White "Alsaqer, Meshal"]
[Black "Muntean, Victor"]
[Result "1/2-1/2"]
[WhiteElo "1853"]
[BlackElo "2169"]
[WhiteFideId "10301771"]
[BlackFideId "1054414"]
[EventDate "2025.12.26"]

1. d4 d6 2. Nf3 g6 3. Bf4 Bg7 4. e3 a6 5. a4 Nd7 6. Bc4 e5 7. Bg3 Nh6 8. h3 Nf5
9. Bh2 exd4 10. exd4 Qe7+ 11. Be2 O-O 12. O-O Nxd4 13. Nxd4 Bxd4 14. Qxd4 Qxe2
15. Nc3 Qe7 16. Rfe1 Qd8 17. Bf4 Ne5 18. Bxe5 dxe5 19. Qxe5 Qd6 20. Qxd6 cxd6
21. Rad1 Bf5 22. Re7 Rab8 23. Rxd6 b5 24. axb5 axb5 25. Nd5 Bxc2 26. Rc6 Bf5 27.
Rcc7 Rbd8 28. Ne3 Be6 29. Rb7 Rb8 30. b4 Rfd8 31. Ng4 Rxb7 32. Rxb7 Bc4 33. Ne5
Rc8 34. f4 Kg7 35. Kf2 Kf6 36. Ke3 g5 37. Nd7+ Kg6 38. Ne5+ Kf5 39. g4+ Ke6 40.
Rxf7 gxf4+ 41. Kxf4 Bd3 42. Rb7 Rf8+ 43. Ke3 Kxe5 44. Kxd3 Rf3+ 45. Ke2 Rxh3 46.
Rxb5+ Kd6 47. Rh5 Rb3 48. Rxh7 Rxb4 49. Kf3 Ke5 50. Rf7 Rb3+ 51. Kg2 Ke6 52. Rf5
Ra3 53. Rf3 Rxf3 54. Kxf3 Kf6 55. Kf4 Kg6 56. g5 Kg7 57. Kf5 Kf7 58. g6+ Kg7 59.
Kg5 Kg8 1/2-1/2

[Event "World Rapid 2025"]
[Site "Doha QAT"]
[Date "2025.12.27"]
[Round "7.117"]
[White "Anand, Tsogtbileg"]
[Black "Alkhuriji, Abdulaziz N"]
[Result "1-0"]
[WhiteTitle "CM"]
[WhiteElo "1968"]
[BlackElo "1972"]
[WhiteFideId "4926552"]
[BlackFideId "21525919"]
[EventDate "2025.12.26"]

1. d4 Nf6 2. c4 g6 3. g3 Bg7 4. Bg2 O-O 5. Nf3 d6 6. O-O c6 7. Nc3 Bf5 8. Nd2 e5
9. d5 cxd5 10. cxd5 Na6 11. b3 Rc8 12. Nc4 Bd7 13. Qd2 Qe7 14. Ba3 Ne8 15. Ne4
Nc5 16. Nxc5 dxc5 17. d6 Qd8 18. Bxb7 e4 19. Rad1 f5 20. Bxc8 Qxc8 21. Qd5+ Kh8
22. Ne5 Bf6 23. Nxd7 Qxd7 24. Bxc5 f4 25. Qxe4 Bg7 26. Qe7 Qh3 27. d7 Nf6 28.
d8=Q Ng4 1-0

[Event "World Rapid 2025"]
[Site "Doha QAT"]
[Date "2025.12.27"]
[Round "7.118"]
[White "AlJamaat, Khaled"]
[Black "Fates, Omer Salah"]
[Result "0-1"]
[WhiteElo "1719"]
[BlackElo "2079"]
[WhiteFideId "12102415"]
[BlackFideId "9212035"]
[EventDate "2025.12.26"]

1. e4 e6 2. d4 d5 3. Nc3 Nf6 4. e5 Nfd7 5. f4 c5 6. Nf3 Nc6 7. Be3 a6 8. a3 Rb8
9. Qd2 b5 10. f5 cxd4 11. fxe6 dxe3 12. exd7+ Qxd7 13. Qxd5 Qxd5 14. Nxd5 Bc5
15. O-O-O O-O 16. Re1 Be6 17. Nxe3 h6 18. Bd3 Rfd8 19. Be4 Rbc8 20. Nf5 b4 21.
a4 g6 22. Nd6 Rc7 23. Bxc6 Rxc6 24. Nb7 Rdc8 25. Nxc5 Rxc5 26. Nd4 Rc4 27. Rd1
b3 28. c3 Rxa4 29. Nxe6 fxe6 30. Kb1 Rc5 31. Rd8+ Kf7 32. Rhd1 Rxe5 33. Rb8 Re2
34. Rxb3 Rxg2 35. Rf1+ Ke7 36. Rb7+ Kd6 37. Re1 e5 38. Rb6+ Kd5 39. Rf6 e4 40.
h4 Ke5 41. Rf8 Rg4 42. Rg8 Kf4 43. Kc2 Ra5 44. Re8 Kf3 45. Rf8+ Kg3 46. Re8 Rxh4
47. Re3+ Kf2 48. R3xe4 Rxe4 49. Rxe4 h5 50. b4 Rf5 51. Re6 Rg5 52. Rxa6 h4 53.
b5 h3 54. b6 h2 55. b7 Rb5 56. Rf6+ Ke3 57. Re6+ Kf4 58. Rf6+ Kg5 59. Rf1 Rxb7
60. Kd3 Kg4 61. Ke3 Re7+ 62. Kd4 Kg3 63. c4 g5 64. c5 g4 65. c6 Kg2 66. Rc1 h1=Q
67. Rxh1 Kxh1 68. Kd5 g3 69. Kd6 Rh7 70. c7 Rxc7 71. Kxc7 g2 0-1

[Event "World Rapid 2025"]
[Site "Doha QAT"]
[Date "2025.12.27"]
[Round "7.119"]
[White "Al-Kuwari, Hamad"]
[Black "Alhassadi, Yousef A."]
[Result "0-1"]
[WhiteTitle "CM"]
[BlackTitle "FM"]
[WhiteElo "1809"]
[BlackElo "2098"]
[WhiteFideId "12102679"]
[BlackFideId "9204725"]
[EventDate "2025.12.26"]

1. e4 c5 2. Nf3 e6 3. d4 cxd4 4. Nxd4 Nf6 5. Nc3 Nc6 6. Ndb5 d6 7. Bf4 e5 8. Bg5
a6 9. Na3 b5 10. Nd5 Be7 11. Bxf6 Bxf6 12. c4 b4 13. Nc2 a5 14. Qf3 Bg5 15. h4
Bh6 16. g4 Bf4 17. Nxf4 exf4 18. Qxf4 Ne5 19. Be2 O-O 20. Ne3 Be6 21. h5 h6 22.
Rg1 f6 23. Rd1 Qc7 24. Nd5 Qb7 25. Qd2 Rae8 26. b3 Kh8 27. Nf4 Qxe4 28. Qd4 Nf3+ 0-1

[Event "World Rapid 2025"]
[Site "Doha QAT"]
[Date "2025.12.27"]
[Round "7.120"]
[White "Alrehaili, Ahmed Abdullah S"]
[Black "Khayat, Emad"]
[Result "1-0"]
[WhiteTitle "FM"]
[WhiteElo "2106"]
[BlackElo "1927"]
[WhiteFideId "21518840"]
[BlackFideId "21518076"]
[EventDate "2025.12.26"]

1. e4 e5 2. Nf3 Nc6 3. Bc4 Bc5 4. O-O Nf6 5. d3 O-O 6. Nbd2 d6 7. c3 a6 8. Bb3
h6 9. Re1 Re8 10. Nf1 Ba7 11. h3 Be6 12. N3h2 d5 13. Qf3 d4 14. Ng3 Bc5 15. Ng4
Nxg4 16. hxg4 Qh4 17. Nf5 Bxf5 18. exf5 Rad8 19. Re4 Qe7 20. g5 Na5 21. f6 Qd6
22. Bxf7+ Kxf7 23. g6+ Ke6 24. f7 Rf8 25. b4 Ba7 26. bxa5 Kd7 27. Qg4+ Qe6 28.
Ba3 Qxg4 29. Rxg4 c5 30. cxd4 exd4 31. Re4 Rc8 32. Rae1 Bb8 33. Re7+ Kc6 34.
R1e6+ Bd6 35. Re8 Kd7 36. Rxc8 Rxc8 37. Re1 Bf8 38. f4 Rc6 39. Re8 Rc8 40. Rxf8
Rxf8 41. Bxc5 1-0

[Event "World Rapid 2025"]
[Site "Doha QAT"]
[Date "2025.12.27"]
[Round "7.121"]
[White "Al-Janahi, Ibrahim"]
[Black "Bodemar, Jonathan"]
[Result "0-1"]
[BlackTitle "CM"]
[WhiteElo "1656"]
[BlackElo "2154"]
[WhiteFideId "12102385"]
[BlackFideId "6205488"]
[EventDate "2025.12.26"]

1. d4 Nf6 2. c4 e6 3. Nc3 d5 4. cxd5 exd5 5. Bg5 c6 6. Qc2 Bd6 7. e3 O-O 8. Bd3
h6 9. Bh4 a5 10. Nf3 Na6 11. a3 Re8 12. O-O Nc7 13. Rac1 Bg4 14. Nd2 Bd7 15. Nf3
Bg4 16. Nd2 Be7 17. f3 Be6 18. Bf2 Bd6 19. Ne2 Qd7 20. e4 dxe4 21. fxe4 Ng4 22.
e5 Be7 23. h3 Nxf2 24. Rxf2 Bg5 25. Rf3 Nb5 26. Bxb5 cxb5 27. Qd3 Bd5 28. Rg3
Rad8 29. Rd1 b6 30. Ne4 Bc4 31. Qf3 Bxe2 32. Qxe2 Rxe5 33. dxe5 Qxd1+ 34. Qxd1
Rxd1+ 35. Kf2 Bh4 36. Ke2 Bxg3 37. Kxd1 Bxe5 38. b3 f5 39. Nd2 Kf7 40. Kc2 Ke6
41. Nf3 g5 42. a4 bxa4 43. bxa4 Kd5 44. Kd3 Bf6 45. Ne1 Kc5 46. Nc2 b5 47. axb5
Kxb5 48. g4 f4 49. Ke4 a4 50. Kf5 Bb2 51. Kg6 f3 52. Kxh6 f2 53. Ne3 a3 54. Kxg5
Bc1 0-1

[Event "World Rapid 2025"]
[Site "Doha QAT"]
[Date "2025.12.27"]
[Round "7.122"]
[White "Blackwood, Ryan"]
[Black "Dahal, Sushrut"]
[Result "1-0"]
[BlackTitle "CM"]
[WhiteElo "1945"]
[BlackElo "2037"]
[WhiteFideId "7400640"]
[BlackFideId "12303275"]
[EventDate "2025.12.26"]

1. e4 c5 2. Nf3 e6 3. d4 cxd4 4. Nxd4 a6 5. Nc3 Qc7 6. Bd3 Nf6 7. O-O Be7 8. Kh1
d6 9. f3 O-O 10. Qe1 b5 11. Bg5 Nbd7 12. f4 b4 13. Nce2 Nc5 14. Qh4 Nxd3 15.
cxd3 h6 16. Bxh6 gxh6 17. Qxh6 Nh7 18. Rf3 f6 19. Rg3+ Ng5 20. Qg6+ Kh8 21. fxg5 1-0

[Event "World Rapid 2025"]
[Site "Doha QAT"]
[Date "2025.12.27"]
[Round "8.3"]
[White "Anton Guijarro, David"]
[Black "Gukesh, D"]
[Result "0-1"]
[WhiteTitle "GM"]
[BlackTitle "GM"]
[WhiteElo "2646"]
[BlackElo "2754"]
[WhiteFideId "2285525"]
[BlackFideId "46616543"]
[EventDate "2025.12.26"]

1. Nf3 d5 2. c4 e6 3. g3 d4 4. Bg2 c5 5. O-O Ne7 6. e3 Nec6 7. d3 Be7 8. Qe2 O-O
9. Kh1 e5 10. e4 Bg4 11. h3 Be6 12. Nbd2 Nd7 13. Nh2 a5 14. f4 exf4 15. gxf4 f5
16. e5 Ra6 17. Bd5 Nb4 18. Bxb7 Rb6 19. Bf3 Rf7 20. Nb1 Nf8 21. Bg2 Bc8 22. Na3
Rh6 23. Nb5 Qb6 24. a3 Na6 25. Bd2 Nc7 26. a4 Nce6 27. Nf3 Bb7 28. Ng1 Ng6 29.
Bxb7 Qxb7+ 30. Qg2 Qc8 31. Kh2 Bf8 32. Qd5 Ne7 33. Qh1 Nc6 34. Rf2 g5 35. fxg5
Rg6 36. Qd5 Rd7 37. Qg2 Nxe5 38. Rxf5 Nxd3 39. Qg3 Nb4 40. Nf3 Ng7 41. Re5 Nd3
42. Re4 Rf7 43. Rf1 Nxb2 44. Rfe1 Nxc4 45. Bc1 Nd6 46. Rf4 Nh5 47. Qh4 Nxf4 48.
Bxf4 Nxb5 49. Ne5 Nd6 50. Nxg6 hxg6 51. Be5 Rh7 52. Qg3 Qf5 53. Qg2 Nf7 54. Bf6
Rxh3+ 55. Kg1 Rh4 0-1

[Event "World Rapid 2025"]
[Site "Doha QAT"]
[Date "2025.12.27"]
[Round "8.4"]
[White "Nihal, Sarin"]
[Black "Henriquez Villagra, Cristobal"]
[Result "1/2-1/2"]
[WhiteTitle "GM"]
[BlackTitle "GM"]
[WhiteElo "2701"]
[BlackElo "2598"]
[WhiteFideId "25092340"]
[BlackFideId "3409350"]
[EventDate "2025.12.26"]

1. d4 Nf6 2. Nf3 g6 3. Nc3 d5 4. Bf4 Bg7 5. Nb5 Na6 6. e3 O-O 7. h3 Ne4 8. c3 c6
9. Na3 Nb8 10. Be2 Nd7 11. O-O b5 12. Nc2 Bb7 13. a4 a6 14. Nd2 e5 15. Bh2 Nxd2
16. Qxd2 Qe7 17. axb5 axb5 18. Nb4 Nb6 19. Nd3 Nd7 20. Rfc1 e4 21. Nb4 Nb6 22.
Qd1 h5 23. Rxa8 Rxa8 24. Ra1 Qd8 25. b3 Bf8 26. Nc2 Rxa1 27. Qxa1 Qa8 28. Qxa8
Nxa8 29. Kf1 f5 30. c4 bxc4 31. bxc4 dxc4 32. Bxc4+ Kh7 33. Ke1 Nb6 34. Be6 c5
35. Bc7 Nd5 36. Ba5 Kg7 37. dxc5 Bxc5 38. Nd4 Bxd4 39. Bxd5 1/2-1/2

[Event "World Rapid 2025"]
[Site "Doha QAT"]
[Date "2025.12.27"]
[Round "8.5"]
[White "Mamedov, Rauf"]
[Black "Robson, Ray"]
[Result "1/2-1/2"]
[WhiteTitle "GM"]
[BlackTitle "GM"]
[WhiteElo "2645"]
[BlackElo "2650"]
[WhiteFideId "13401653"]
[BlackFideId "2023970"]
[EventDate "2025.12.26"]

1. e4 e5 2. Nf3 Nc6 3. Bb5 Nf6 4. O-O Nxe4 5. Re1 Nd6 6. Bf1 Be7 7. Nc3 e4 8.
Nxe4 Nxe4 9. Rxe4 d5 10. Re1 O-O 11. d4 Bg4 12. c3 Bd6 13. h3 Bh5 14. g4 Bg6 15.
Ne5 Nxe5 16. dxe5 Bc5 17. Be3 Bxe3 18. Rxe3 c6 19. Qd4 f5 20. exf6 Qxf6 21. Qxf6
Rxf6 22. f3 Re8 23. Kf2 Kf8 24. Rae1 Rxe3 25. Rxe3 c5 26. Re5 Bf7 27. b3 b6 28.
Bd3 h6 29. h4 Rd6 30. Ke3 d4+ 31. cxd4 Rxd4 32. f4 a5 33. g5 hxg5 34. hxg5 g6
35. f5 gxf5 36. Rxf5 Kg7 37. Rf6 Rb4 38. Rd6 c4 39. bxc4 Bxc4 40. Bxc4 1/2-1/2

[Event "World Rapid 2025"]
[Site "Doha QAT"]
[Date "2025.12.27"]
[Round "8.6"]
[White "Niemann, Hans Moke"]
[Black "Le, Quang Liem"]
[Result "1-0"]
[WhiteTitle "GM"]
[BlackTitle "GM"]
[WhiteElo "2725"]
[BlackElo "2731"]
[WhiteFideId "2093596"]
[BlackFideId "12401137"]
[EventDate "2025.12.26"]

1. e4 e5 2. Nf3 Nc6 3. Bb5 a6 4. Ba4 Nf6 5. O-O Nxe4 6. d4 b5 7. Bb3 d5 8. dxe5
Be6 9. c3 Be7 10. h3 O-O 11. Bc2 Qd7 12. Nbd2 f5 13. exf6 Nxf6 14. Re1 Bf5 15.
Bxf5 Qxf5 16. Nf1 Qd7 17. Bg5 Rad8 18. Ne3 Kh8 19. Qc2 h6 20. Bh4 Ng8 21. Ng4
Rxf3 22. Bxe7 Ngxe7 23. gxf3 Rf8 24. Rad1 Rf5 25. f4 Rxf4 26. Qe2 h5 27. Ne5
Qxh3 28. Rd3 Qh4 29. Nxc6 Nxc6 30. Qe8+ Kh7 31. Rg3 Rg4 32. Re3 Na5 33. Qe5 Kh6
34. Qe6+ g6 35. Qf7 Qd8 36. Rxg4 hxg4 37. Re7 Nc6 38. Qf4+ 1-0

[Event "World Rapid 2025"]
[Site "Doha QAT"]
[Date "2025.12.27"]
[Round "8.7"]
[White "Sarana, Alexey"]
[Black "Movahed, Sina"]
[Result "1-0"]
[WhiteTitle "GM"]
[BlackTitle "GM"]
[WhiteElo "2673"]
[BlackElo "2596"]
[WhiteFideId "24133795"]
[BlackFideId "42520835"]
[EventDate "2025.12.26"]

1. d4 Nf6 2. c4 g6 3. Nc3 Bg7 4. e4 d6 5. Be2 O-O 6. Be3 e5 7. d5 Na6 8. h3 c6
9. Nf3 Nh5 10. O-O Nf4 11. Re1 Nxe2+ 12. Rxe2 c5 13. Qd2 f5 14. exf5 gxf5 15.
Bh6 Qf6 16. Bxg7 Qxg7 17. Rae1 e4 18. Ng5 Nb4 19. Ncxe4 fxe4 20. Rxe4 Nd3 21.
Qxd3 Qxg5 22. R1e3 Kh8 23. Re7 Bf5 24. Qc3+ Qf6 25. Qxf6+ Rxf6 26. Rf3 Raf8 27.
Rxb7 R8f7 28. Rxf7 Rxf7 29. g4 Bg6 30. Rxf7 Bxf7 31. f4 Kg7 32. Kf2 Kf6 33. Kg3
a5 34. b3 h5 35. Kh4 a4 36. bxa4 hxg4 37. a5 gxh3 38. Kxh3 Be8 39. a6 Bd7+ 40.
Kg3 Bc8 41. a7 Bb7 42. Kg4 Bc8+ 43. f5 Bb7 44. Kf4 Ba8 45. a4 Bb7 46. a5 Ba8 47.
a6 Kf7 48. Kg5 Kg7 49. f6+ Kf8 50. Kg6 Kg8 51. f7+ Kf8 52. Kf6 Bb7 53. a8=Q+
Bxa8 54. Ke6 1-0

[Event "World Rapid 2025"]
[Site "Doha QAT"]
[Date "2025.12.27"]
[Round "8.8"]
[White "Caruana, Fabiano"]
[Black "Shimanov, Aleksandr"]
[Result "0-1"]
[WhiteTitle "GM"]
[BlackTitle "GM"]
[WhiteElo "2795"]
[BlackElo "2578"]
[WhiteFideId "2020009"]
[BlackFideId "4198603"]
[EventDate "2025.12.26"]

1. e4 e6 2. d4 d5 3. Nc3 dxe4 4. Nxe4 Nd7 5. Nf3 Ngf6 6. Nxf6+ Nxf6 7. Be3 Bd7
8. a3 Nd5 9. Bd2 c5 10. c4 Nf6 11. dxc5 Bxc5 12. b4 Be7 13. Bd3 Bc6 14. Qe2 Bxf3
15. Qxf3 Qd4 16. Rd1 O-O-O 17. Bb1 Qe5+ 18. Qe3 Ng4 19. Qxe5 Nxe5 20. c5 Nc4 21.
Bc1 Bf6 22. Ke2 Nb2 23. Rxd8+ Rxd8 24. h4 h5 25. Bc2 Nc4 26. Rh3 Rd4 27. f4 a5
28. Rf3 axb4 29. axb4 b6 30. Bd3 bxc5 31. bxc5 Kc7 32. g3 Kc6 33. Bc2 Kxc5 34.
Rb3 Rd7 35. Rb8 Rc7 36. Bd3 Nd6 37. Ba3+ Kc6 38. Bc2 Ra7 39. Bb4 Nf5 40. Bxf5
exf5 41. Rc8+ Kd5 42. Kf3 Rb7 43. Be1 Rb3+ 44. Kg2 Rb2+ 45. Kf3 Bd4 46. Rc7 Rb3+
47. Kg2 Rb2+ 48. Kf3 Rb3+ 49. Kg2 Ke4 50. Re7+ Kd3 51. Rxf7 Rb2+ 52. Kf3 Re2 53.
Rxf5 Re3+ 54. Kg2 Rxe1 55. Rxh5 Ke4 56. Rg5 Re2+ 57. Kh3 Kf3 58. Rd5 Re1 59. Kh2
Bg1+ 60. Kh3 Be3 61. Kh2 Re2+ 62. Kh3 Rg2 63. h5 Rxg3+ 64. Kh4 Rg4+ 65. Kh3 Rg1
66. Kh4 Bxf4 67. Rd3+ Be3 0-1

[Event "World Rapid 2025"]
[Site "Doha QAT"]
[Date "2025.12.27"]
[Round "8.9"]
[White "Abdusattorov, Nodirbek"]
[Black "Chigaev, Maksim"]
[Result "1-0"]
[WhiteTitle "GM"]
[BlackTitle "GM"]
[WhiteElo "2732"]
[BlackElo "2626"]
[WhiteFideId "14204118"]
[BlackFideId "4108116"]
[EventDate "2025.12.26"]

1. e4 e5 2. Nf3 Nc6 3. Bb5 a6 4. Ba4 d6 5. c3 f5 6. exf5 Bxf5 7. O-O Bd3 8. Re1
Be7 9. Na3 Nf6 10. Bc2 Bxc2 11. Nxc2 Qd7 12. d4 e4 13. d5 exf3 14. dxc6 bxc6 15.
Qxf3 O-O 16. Qe2 Rfe8 17. Bg5 d5 18. Qd3 Ng4 19. Bxe7 Rxe7 20. Rxe7 Qxe7 21. Nd4
Qf6 22. Qe2 Ne5 23. Re1 Re8 24. Kf1 Rf8 25. f3 Ng6 26. Qxa6 Qh4 27. Qxc6 Qxh2
28. Re8 Nf4 29. Rxf8+ Kxf8 30. Ne6+ Nxe6 31. Qxe6 Qh1+ 32. Kf2 Qh4+ 33. Ke2 Qc4+
34. Kd2 c6 35. a3 Qf1 36. Qf5+ Kg8 37. Qe6+ Kf8 38. Qe2 Qg1 39. Kc2 h5 40. a4 h4
41. a5 Qa1 42. a6 Qa4+ 43. Kb1 Kf7 44. Qd3 g6 45. Kc1 Qa1+ 46. Kc2 Qa2 47. f4
Qa4+ 48. Kb1 Qxf4 49. a7 Qa4 50. Qd4 Qa6 51. Qxh4 c5 52. Qh7+ Kf6 53. Qh8+ Kf5
54. Qf8+ Kg4 55. a8=Q 1-0

[Event "World Rapid 2025"]
[Site "Doha QAT"]
[Date "2025.12.27"]
[Round "8.11"]
[White "Matlakov, Maxim"]
[Black "So, Wesley"]
[Result "1/2-1/2"]
[WhiteTitle "GM"]
[BlackTitle "GM"]
[WhiteElo "2606"]
[BlackElo "2753"]
[WhiteFideId "4168003"]
[BlackFideId "5202213"]
[EventDate "2025.12.26"]

1. d4 d5 2. c4 e6 3. Nf3 Nf6 4. g3 c5 5. Bg2 cxd4 6. O-O Bc5 7. Nxd4 O-O 8. Nb3
Be7 9. cxd5 Nxd5 10. Bd2 Nc6 11. Nc3 Nxc3 12. Bxc3 Qb6 13. Nd4 Nb4 14. Qb3 Rd8
15. Rfd1 e5 16. Bxb4 Bxb4 17. a3 Bc5 18. Qxb6 Bxb6 19. Nb5 Rxd1+ 20. Rxd1 Kf8
21. Kf1 Rb8 22. Nd6 Be6 23. Bd5 Ke7 1/2-1/2

[Event "World Rapid 2025"]
[Site "Doha QAT"]
[Date "2025.12.27"]
[Round "8.12"]
[White "Aravindh, Chithambaram VR."]
[Black "Dubov, Daniil"]
[Result "1/2-1/2"]
[WhiteTitle "GM"]
[BlackTitle "GM"]
[WhiteElo "2703"]
[BlackElo "2672"]
[WhiteFideId "5072786"]
[BlackFideId "24126055"]
[EventDate "2025.12.26"]

1. e4 c5 2. d4 cxd4 3. Qxd4 Nc6 4. Qd3 g6 5. Nc3 Bg7 6. Nf3 Nf6 7. Be2 O-O 8.
O-O d6 9. Nd5 Nd7 10. c3 Nc5 11. Qe3 b6 12. Rd1 Bb7 13. b4 Nd7 14. Rb1 Rc8 15.
c4 Nce5 16. Nxe5 Nxe5 17. c5 bxc5 18. bxc5 Bxd5 19. Rxd5 Rxc5 20. Rxc5 dxc5 21.
Qxc5 Nd3 22. Qc4 Nxc1 23. Rxc1 Bd4 24. g3 Qb6 25. Rf1 Rb8 26. Bd1 Qb2 27. Bb3 e6
28. Qc7 Be5 29. Qxa7 Rd8 30. Qe7 Bf6 31. Qc5 Rd2 32. Rd1 Rxd1+ 33. Bxd1 Qxa2 34.
Qc2 Qa1 35. Kg2 Kg7 36. Qa4 Qc3 37. Qc2 Qb4 38. Qe2 Bd4 39. Bc2 Bb6 40. Bd3 Qd4
41. Bb1 Kf8 42. Bd3 g5 43. Qe3 Qb2 44. Qe2 Qe5 45. Bb1 Qd4 46. h3 h5 47. Bd3 Ke7
48. Qe3 Qxe3 49. fxe3 Bxe3 50. Be2 h4 51. gxh4 gxh4 52. Bd3 Kd6 53. Kf3 Bd2 54.
Bb5 Ke5 55. Be8 1/2-1/2

[Event "World Rapid 2025"]
[Site "Doha QAT"]
[Date "2025.12.27"]
[Round "8.13"]
[White "Bai, Jinshi"]
[Black "Yu, Yangyi"]
[Result "1/2-1/2"]
[WhiteTitle "GM"]
[BlackTitle "GM"]
[WhiteElo "2599"]
[BlackElo "2717"]
[WhiteFideId "8602280"]
[BlackFideId "8603820"]
[EventDate "2025.12.26"]

1. Nf3 d5 2. g3 Bg4 3. Bg2 c6 4. h3 Bh5 5. c4 e6 6. d4 Nf6 7. Nc3 Be7 8. cxd5
cxd5 9. Qb3 Qb6 10. Qxb6 axb6 11. g4 Bg6 12. Ne5 Nc6 13. Nxg6 hxg6 14. e3 Bb4
15. Bd2 Na5 16. Ke2 Nc4 17. a3 Bxc3 1/2-1/2